书目信息 |
| 题名: |
李自成
|
|
| 作者: | 姚雪垠 原著 ;俞汝捷 精补 | |
| 分册: | 一 天寒霜雪繁 | |
| 出版信息: | 武汉 长江文艺出版社 2009 |
|
| 页数: | 685页 | |
| 开本: | 24cm | |
| 丛书名: | 茅盾文学奖长篇历史小说书系 | |
| 单 册: | ||
| 中图分类: | I247.53 | |
| 科图分类: | ||
| 主题词: | 长篇小说--中国--现代 , 历史小说--中国--现代 , 长篇小说 , 历史小说 | |
| 电子资源: | ||
| ISBN: | 978-7-5354-4134-8 | |
| 000 | 00830nam0 2200277 450 | |
| 001 | 139384 | |
| 005 | 20140911145720.51 | |
| 010 | @a978-7-5354-4134-8@b精装@dCNY 76.50 | |
| 100 | @a20100430d2009 em y0chiy50 ea | |
| 101 | 0 | @achi |
| 102 | @aCN@b420000 | |
| 105 | @ab z 000ay | |
| 200 | 1 | @a李自成@Ali zi cheng@h一@i天寒霜雪繁@b专著@f姚雪垠著@g俞汝捷精补 |
| 210 | @a武汉@c长江文艺出版社@d2009 | |
| 215 | @a685页@c地图@d24cm | |
| 225 | 2 | @a茅盾文学奖长篇历史小说书系 |
| 517 | 1 | @a天寒霜雪繁@Atian han shuang xue fan |
| 606 | 0 | @a长篇小说@y中国@z现代 |
| 606 | 0 | @a历史小说@y中国@z现代 |
| 606 | 0 | @a长篇小说 |
| 606 | 0 | @a历史小说 |
| 690 | @aI247.53@v4 | |
| 701 | 0 | @a姚雪垠@Ayao xue yin@f(1910 1999.4)@4原著 |
| 702 | 0 | @a俞汝捷@Ayu ru jie@f(1943 )@4精补 |
| 801 | 0 | @c20140911 |
| 905 | @a241430@dI247.53@eY370:1 | |
| 李自成.一.天寒霜雪繁/姚雪垠著/俞汝捷精补.-武汉:长江文艺出版社,2009 |
| 685页:地图;24cm.-(茅盾文学奖长篇历史小说书系) |
| ISBN 978-7-5354-4134-8(精装):CNY 76.50 |
| ● |
| 相关链接 |
|
|
|
正题名:李自成
索取号:I247.53/Y370:1
 
预约/预借
| 序号 | 登录号 | 条形码 | 馆藏地/架位号 | 状态 | 备注 |
| 1 | 0830391 | 208303913 | 文学库108/108文学库 998排8列2层/ [索取号:I247.53/Y370:1] | 在馆 |